LEADER 02336nam 2200637 450 001 9910297043803321 005 20230429005242.0 010 $a1-5261-3774-7 024 7 $a10.7765/9781526137746 035 $a(CKB)4100000007276954 035 $a(NjHacI)994100000007276954 035 $a(DE-B1597)659592 035 $a(DE-B1597)9781526137746 035 $a(EXLCZ)994100000007276954 100 $a20230429d2003 uy 0 101 0 $aeng 135 $aur||||||||||| 181 $ctxt$2rdacontent 182 $cc$2rdamedia 183 $acr$2rdacarrier 200 14$aThe French party system /$fJocelyn Evans 210 1$aManchester, UK :$cManchester University Press,$d2003. 215 $a1 online resource 311 $a0-7190-6120-2 327 $aList of figures and tables; -- List of contributors; -- Acknowledgements; -- List of abbreviations; -- Introduction (Jocelyn A.J. Evans); -- 1 Stress, strain and stability in the French party system (Alistair Cole); -- I THE LEFT; -- I I THE RIGHT; -- I I I SYSTEM CONTEXT; -- Conclusion (Jocelyn A.J. Evans); -- References; -- Index. 330 $aThis book provides a complete overview of political parties in France. The social and ideological profiles of all the major parties are analysed chapter by chapter, highlighting their principal functions and dynamics within the system. This examination is. 606 $aPolitical parties 610 $aFifth Republic. 610 $aFrench party system. 610 $aFrench political culture. 610 $aWestern culture. 610 $aconservatism. 610 $adefensive democracy. 610 $aecologism. 610 $aenvironmentalism. 610 $afascism. 610 $aideological movements. 610 $aindividualism. 610 $aindustrial revolution. 610 $aliberal democracy. 610 $aliberalism. 610 $anational identity. 610 $apolitical abuse. 610 $apolitical theory. 610 $apractical state sovereignty. 610 $arepublican democracy. 610 $asocialism. 615 0$aPolitical parties. 676 $a324.2 700 $aEvans$b Jocelyn$0800717 801 0$bNjHacI 801 1$bNjHacl 906 $aBOOK 912 $a9910297043803321 996 $aFrench party system$91801998 997 $aUNINA LEADER 01347nam 2200373 450 001 9910141948003321 005 20231206194538.0 035 $a(CKB)2670000000414687 035 $a(NjHacI)992670000000414687 035 $a(EXLCZ)992670000000414687 100 $a20231206d1988 uy 0 101 0 $aeng 135 $aur||||||||||| 181 $ctxt$2rdacontent 182 $cc$2rdamedia 183 $acr$2rdacarrier 200 10$aAmerican National Standard for zinc-coated ferrous cable racks and cable rack hooks for underground line construction /$fInstitute of Electrical and Electronics Engineers 210 1$aNew York :$cIEEE,$d1988. 215 $a1 online resource 300 $aIncludes index,. 311 $a0-7381-4120-8 517 $aANSI C135.35-1988: American National Standard for zinc-coated ferrous cable racks and cable rack hooks for underground line construction 517 $aANSI C135.35-1988 606 $aZinc coating 606 $aUnderground construction 615 0$aZinc coating. 615 0$aUnderground construction. 676 $a624.19 801 0$bNjHacI 801 1$bNjHacl 906 $aDOCUMENT 912 $a9910141948003321 996 $aAmerican National Standard for zinc-coated ferrous cable racks and cable rack hooks for underground line construction$92580544 997 $aUNINA